000 01210nam0a22002891 4500
001 rc\3625770
005 20130115144514.7
021 _aRU
_b[69-101369]
035 _a(NLR Aleph) 007822726
090 _a7749158
_c7749158
100 _a20130115d1969 |||y0rusy50 ca
101 0 _arus
102 _aRU
105 _aa z |||||
200 1 _aМатематические методы в биологии. 1968
_e[Сборник статей]
_fНауч. ред. В.П. Чтецов
_g[Гос. ком. Совета Министров СССР по науке и технике. АН СССР. ВИНИТИ]
210 _aМосква
_cБ. и.
_d1969
215 _a148 с.
_cчерт.
_d21
225 1 _aИтоги науки
_iСерия "Биология"
320 _aБиблиогр. в конце статей
606 _aБиология
_xМатематические методы
_jСборники
_2psbo
702 1 _aЧтецов
_bВ. П.
_4340
712 0 2 _aВсесоюзный институт научной и технической информации
_3RU\NLR\AUTH\884239
801 0 _aRU
_bNLR
_gpsbo
801 1 _aRU
_bELAR
_2rusmarc
852 _aNLR
_j69-5/5970
942 _cBOOK
980 _aNB